Introducción al estudio de los anfibios y reptiles del bajo Anchicayá (Registro nro. 1521)

Detalles MARC
000 -CABECERA
Campo de control 00753nam a2200229 a 4500
005 - FECHA Y HORA DE LA ULTIMA TRANSACCION
Campo de control 20191224041606.0
008 - ELEMENTOS DE LONGITUD FIJA—INFORMACION GENERAL
Campo de control 140228b1999 ck ||||| |||| 00| 0 spa d
040 ## - FUENTE DE CATALOGACIÓN
Agencia catalogadora original CO-BoIAVH
Agencia transcriptora CO-BoIAVH
041 ## - IDIOMA
Código de idioma para texto/pista de sonido o título separado Español
044 ## - PAÍS DE PUBLICACIÓN
País de publicación Colombia
082 ## - NUMERO DE CLASIFICACION DECIMAL DEWEY
Número de clasificación 333.957
Número del ítem F98i
110 ## - ASIENTO PRINCIPAL--NOMBRE CORPORATIVO
Unidad subordinad Fundación Herencia Verde
9 (RLIN) 83943
245 1# - MENCION DE TITULO
Título Introducción al estudio de los anfibios y reptiles del bajo Anchicayá
260 ## - PUBLICACION, DISTRIBUCION, ETC. (PIE DE IMPRENTA)
Lugar de publicación, distribución, etc. Cali
Nombre del editor, distribuidor, etc. Fundación Herencia Verde
Fecha de publicación, distribución, etc. 1999
300 ## - DESCRIPCION FISICA
Extensión 41 páginas
Otros detalles físicos ilustraciones, fotografias
Dimensiones 24 x 16 cm
650 14 - ASIENTO SECUNDARIO DE MATERIA - TERMINO TEMATICO
Término temático o nombre geográfico como elemento de entrada Anfibios
Subdivisión de forma reproducción
9 (RLIN) 83944
650 14 - ASIENTO SECUNDARIO DE MATERIA - TERMINO TEMATICO
Término temático o nombre geográfico como elemento de entrada Reptiles
Subdivisión de forma Habitat
9 (RLIN) 83945
650 14 - ASIENTO SECUNDARIO DE MATERIA - TERMINO TEMATICO
Término temático o nombre geográfico como elemento de entrada Reptilia
9 (RLIN) 3233
650 14 - ASIENTO SECUNDARIO DE MATERIA - TERMINO TEMATICO
Término temático o nombre geográfico como elemento de entrada Anfibia
Subdivisión de forma Conservación
9 (RLIN) 83947
662 ## - ASIENTO SECUNDARIO DE MATERIA - JERARQUIA DEL NOMBRE DE LUGAR(
País o entidad mayor Colombia
Jurisdicción política intermedia Río Anchicayá
Jurisdicción política de primer orden Valle del Cauca
942 ## - ELEMENTOS ADICIONALES (KOHA)
Tipo de ítem Folleto
Sistema de clasificación Dewey Decimal Classification
Existencias
Withdrawn status Lost status Sistema de Clasificación Damaged status No para préstamo Colección Inventariado Ubicación Permanente Ubicación actual Fecha de adquisición Fuente de Valor Total Checkouts Número topográfico Inventario / Código de Barras Date last seen Ejemplar Price effective from Forma de adquisición Tipo de material Valor
    Dewey Decimal Classification     General Inventariado 2017 Sala Fabio Quevedo Sala Fabio Quevedo 03/11/1999 Fundación Herencia Verde   LB-333.957 F98i 002105 04/12/2012 Ej. 1 04/12/2012 Donación Folleto  
    Local     Herpetología Inventariado 2017 Villa de Leyva Villa de Leyva 06/02/2004     LB-01514 015286 04/12/2012 Ej. 2 04/12/2012   Libro 39000.00